Clothing Brands - Statistics

General Stats
  • This quiz has been taken 58 times
  • The average score is 4 of 17
Answer Stats
Answer % Correct
Gucci
92%
Louis Vuitton
61%
Tommy Hilfiger
33%
Versace
33%
Calvin Klein
27%
Ralph Lauren
27%
Armani
18%
Burberry
14%
North Face
14%
Moncler
8%
Off-White
8%
Stone Island
8%
Givenchy
6%
Kenzo
4%
Canada Goose
2%
Dsquared 2
2%
Daily Paper
0%
No matching quizzes found
Score Distribution
Percent of People with Each Score
Percentile by Number Answered
Your Score History
You have not taken this quiz